Borders of Ukraine - Statistics

General Stats
  • This quiz has been taken 23 times
  • The average score is 6 of 7
Answer Stats
Km Pays % Correct
1476 Russia
100%
891 Belarus
91%
526 Poland
91%
531 Romania
91%
939 Moldova
86%
97 Slovakia
82%
103 Hungary
68%
No matching quizzes found
Score Distribution
Percent of People with Each Score
Percentile by Number Answered
Your Score History
You have not taken this quiz